00738 2200229 4500001002100000005001700021008004100038020002100079035002400100082001000124090002000134100002200154245013600176250001100312260003800323300002800361500001100389504003100400650002900431700002600460999002200486YOGYA-0213000000112620130226145546.0 ind  978-602-18895-1-0 0010-021300000001126 a371.3 aDEP 371.3 Nov T aNOVAN ARDY WIJANI aTeacher preneur ship : gagasan & upaya menumbuh kembangkan jiwa kewirausahaan gurucNovan ardy wijani; editor Rose kusumaning ratri aCet. 1 aYogyakarta:bAr-ruzz media,c2012 a168 hlm.:bIlus;c21 cm aindeks aBibliografi : hlm. 163-166 aGuru - metode pengajaran aRose kusumaning ratri aCB-D.11 2012-1457